000 02613nam a2200253Ia 4500
999 _c54075
_d54075
001 21129
003 GE_BSU
005 20251107143135.0
008 181216s2016||||ge |||||||||||||| ||geo||
040 _cGE_BSU
041 _ageo
080 _a1(063)+27(063) ს-15
245 _a საერთაშორისო სამეცნიერო კონფერენცია ანთიმოზ ივერიელი და ევროპული განმანათლებლობა: ტექსტები და კონტექსტები, 07-08.06. 2016 = International Scientific Conference Anthim Iverianul and European Enlightenment: Texts and Contexts, 07-08.06. 2016 = Conferinta Internationala Antim Ivireanul si iluminismul European: Texte si Contexte, 07-08.06. 2016 :
_b [პროგრამა, მოხსენებები] /
_cივანე ჯავახიშვილის სახ. თბილ. სახელმწ. უნ-ტი, ჰუმანიტ. მეცნ. ფაკ-ტი, ფილოსოფიის ინ-ტი, ანთიმოზ ივერიელის სახ. ფილოსოფიისა და თეოლოგიის სამეცნ. კვლევ. ცენტრი, რელიგიის საკითხთა სახელმწ. სააგენტო ; სარედაქციო კოლეგია: ანასტასია ზაქარიაძე, ნიკოლაე დურა, დემურ ჯალაღონია [და სხვ.].
264 _aთბილისი :
_bლებე პოლიგრაფი,
_c2016.
300 _a93 გვ. :
_b ილ. ;
_c21 სმ.
500 _aგარეკანი, თავფურ. და ტექსტი აგრეთვე ინგლ. და რუმინ. ენებზე
653 _aსაერთაშორისო სამეცნიერო კონფერენცია ანთიმოზ ივერიელი და ევროპული განმანათლებლობა
653 _aფილოსოფია
700 _aზაქარიაძე, ანასტასია
_e რედაქტორი
_926184
700 _aდურა, ნიკოლაე
_eრედაქტორი
_911801
700 _aჯალაღონია, დემურ
_eრედაქტორი
_921532
700 _aვაშაყმაძე, ზაზა
_eრედაქტორი
_926185
942 _cBK
_2udc